| 000 -LEADER |
| fixed length control field |
03834cam a22005895i 4500 |
| 001 - CONTROL NUMBER |
| control field |
21676622 |
| 005 - DATE AND TIME OF LATEST TRANSACTION |
| control field |
20230321115821.0 |
| 006 - FIXED-LENGTH DATA ELEMENTS--ADDITIONAL MATERIAL CHARACTERISTICS |
| fixed length control field |
m |o d | |
| 007 - PHYSICAL DESCRIPTION FIXED FIELD--GENERAL INFORMATION |
| fixed length control field |
cr ||||||||||| |
| 008 - FIXED-LENGTH DATA ELEMENTS--GENERAL INFORMATION |
| fixed length control field |
180814s2019 si |||| o |||| 0|eng |
| 010 ## - LIBRARY OF CONGRESS CONTROL NUMBER |
| LC control number |
2019744537 |
| 020 ## - INTERNATIONAL STANDARD BOOK NUMBER |
| International Standard Book Number |
9789811079597 |
| 024 7# - OTHER STANDARD IDENTIFIER |
| Standard number or code |
10.1007/978-981-10-7959-7 |
| Source of number or code |
doi |
| 035 ## - SYSTEM CONTROL NUMBER |
| System control number |
(DE-He213)978-981-10-7959-7 |
| 040 ## - CATALOGING SOURCE |
| Original cataloging agency |
DLC |
| Language of cataloging |
eng |
| Description conventions |
pn |
| -- |
rda |
| Transcribing agency |
DLC |
| 072 #7 - SUBJECT CATEGORY CODE |
| Subject category code |
TEC002000 |
| Source |
bisacsh |
| 072 #7 - SUBJECT CATEGORY CODE |
| Subject category code |
TRP |
| Source |
bicssc |
| 072 #7 - SUBJECT CATEGORY CODE |
| Subject category code |
TRP |
| Source |
thema |
| 072 #7 - SUBJECT CATEGORY CODE |
| Subject category code |
TTDS |
| Source |
thema |
| 082 04 - DEWEY DECIMAL CLASSIFICATION NUMBER |
| Classification number |
629.477 |
| Edition number |
23 |
| Author Mark |
LIU |
| 100 1# - MAIN ENTRY--PERSONAL NAME |
| Personal name |
Liu, Fucheng. |
| Relator term |
author. |
| 9 (RLIN) |
110816 |
| 245 10 - TITLE STATEMENT |
| Title |
Guidance and Control Technology of Spacecraft on Elliptical Orbit / |
| Statement of responsibility, etc. |
by Fucheng Liu, Shan Lu, Yue Sun. |
| 250 ## - EDITION STATEMENT |
| Edition statement |
1st ed. 2019. |
| 264 #1 - PRODUCTION, PUBLICATION, DISTRIBUTION, MANUFACTURE, AND COPYRIGHT NOTICE |
| Place of production, publication, distribution, manufacture |
Singapore : |
| Name of producer, publisher, distributor, manufacturer |
Springer Singapore : |
| -- |
Imprint: Springer, |
| Date of production, publication, distribution, manufacture, or copyright notice |
2019. |
| 300 ## - PHYSICAL DESCRIPTION |
| Extent |
1 online resource (XII, 237 pages 102 illustrations, 71 illustrations in color.) |
| 336 ## - CONTENT TYPE |
| Content type term |
text |
| Content type code |
txt |
| Source |
rdacontent |
| 337 ## - MEDIA TYPE |
| Media type term |
computer |
| Media type code |
c |
| Source |
rdamedia |
| 338 ## - CARRIER TYPE |
| Carrier type term |
online resource |
| Carrier type code |
cr |
| Source |
rdacarrier |
| 347 ## - DIGITAL FILE CHARACTERISTICS |
| File type |
text file |
| Encoding format |
PDF |
| Source |
rda |
| 490 1# - SERIES STATEMENT |
| Series statement |
Navigation: Science and Technology, |
| International Standard Serial Number |
2522-0454 |
| 505 0# - FORMATTED CONTENTS NOTE |
| Formatted contents note |
Introduction -- Modeling and Hardware Components of Control System of Orbital Transfer Vehicle -- Orbit Prediction Technology -- Inertial Navigation and Initial Alignment Technology -- INS/GNSS Integrated Navigation Technology -- INS/CNS Integrated Navigation Technology -- Redundant Fault Tolerance and Failure Reconfiguration Technology of Inertial Sensor -- Guidance and Midcourse Correction Technology -- Orbit Control Strategy. |
| 520 ## - SUMMARY, ETC. |
| Summary, etc. |
This book introduces readers to the navigation, guidance and control technologies involved in single-spacecraft, double-spacecraft, and multiple-spacecraft tasks in elliptical orbits. It comprehensively covers the key technologies of guidance, navigation and control (GNC) system design for spacecraft in elliptical orbits, including the orbit design, formation configuration design and maintenance, autonomous navigation technology and relative navigation technology, as well as autonomous rendezvous technology. The methods that this book introduces are very close to actual practical engineering applications and presented in an accessible style. The book can serve as reference teaching material for senior undergraduates and postgraduates with space navigation related majors, while also providing essential information and guidance for research personnel and engineering technical personnel engaged in the development of GNC systems for spacecraft. |
| 588 ## - SOURCE OF DESCRIPTION NOTE |
| Source of description note |
Description based on publisher-supplied MARC data. |
| 650 #0 - SUBJECT ADDED ENTRY--TOPICAL TERM |
| Topical term or geographic name entry element |
Aerospace engineering. |
| 9 (RLIN) |
2467 |
| 650 #0 - SUBJECT ADDED ENTRY--TOPICAL TERM |
| Topical term or geographic name entry element |
Astronautics. |
| 9 (RLIN) |
83801 |
| 650 #0 - SUBJECT ADDED ENTRY--TOPICAL TERM |
| Topical term or geographic name entry element |
Control engineering. |
| 9 (RLIN) |
34982 |
| 650 #0 - SUBJECT ADDED ENTRY--TOPICAL TERM |
| Topical term or geographic name entry element |
Mechatronics. |
| 650 #0 - SUBJECT ADDED ENTRY--TOPICAL TERM |
| Topical term or geographic name entry element |
Robotics. |
| 650 #0 - SUBJECT ADDED ENTRY--TOPICAL TERM |
| Topical term or geographic name entry element |
Space sciences. |
| 9 (RLIN) |
110817 |
| 650 14 - SUBJECT ADDED ENTRY--TOPICAL TERM |
| Topical term or geographic name entry element |
Aerospace Technology and Astronautics. |
| Authority record control number or standard number |
https://scigraph.springernature.com/ontologies/product-market-codes/T17050 |
| 9 (RLIN) |
83803 |
| 650 24 - SUBJECT ADDED ENTRY--TOPICAL TERM |
| Topical term or geographic name entry element |
Control, Robotics, Mechatronics. |
| Authority record control number or standard number |
https://scigraph.springernature.com/ontologies/product-market-codes/T19000 |
| 9 (RLIN) |
82013 |
| 650 24 - SUBJECT ADDED ENTRY--TOPICAL TERM |
| Topical term or geographic name entry element |
Space Sciences (including Extraterrestrial Physics, Space Exploration and Astronautics). |
| Authority record control number or standard number |
https://scigraph.springernature.com/ontologies/product-market-codes/P22030 |
| 9 (RLIN) |
110818 |
| 700 1# - ADDED ENTRY--PERSONAL NAME |
| Personal name |
Lu, Shan. |
| Relator term |
author. |
| 9 (RLIN) |
110819 |
| 700 1# - ADDED ENTRY--PERSONAL NAME |
| Personal name |
Sun, Yue. |
| Relator term |
author. |
| 9 (RLIN) |
110820 |
| 776 08 - ADDITIONAL PHYSICAL FORM ENTRY |
| Relationship information |
Print version: |
| Title |
Guidance and control technology of spacecraft on elliptical orbit. |
| International Standard Book Number |
9789811079580 |
| Record control number |
(DLC) 2018940885 |
| 776 08 - ADDITIONAL PHYSICAL FORM ENTRY |
| Relationship information |
Printed edition: |
| International Standard Book Number |
9789811079580 |
| 776 08 - ADDITIONAL PHYSICAL FORM ENTRY |
| Relationship information |
Printed edition: |
| International Standard Book Number |
9789811079603 |
| 776 08 - ADDITIONAL PHYSICAL FORM ENTRY |
| Relationship information |
Printed edition: |
| International Standard Book Number |
9789811340284 |
| 830 #0 - SERIES ADDED ENTRY--UNIFORM TITLE |
| Uniform title |
Navigation: Science and Technology, |
| International Standard Serial Number |
2522-0454 |
| 9 (RLIN) |
110821 |
| 906 ## - LOCAL DATA ELEMENT F, LDF (RLIN) |
| a |
0 |
| b |
ibc |
| c |
origres |
| d |
u |
| e |
ncip |
| f |
20 |
| g |
y-gencatlg |
| 942 ## - ADDED ENTRY ELEMENTS (KOHA) |
| Source of classification or shelving scheme |
|
| Koha item type |
Book |